[Event "Werner-Ott-Open Kreuzberger Sommer 2016"]
[Site "Berlin"]
[Date "2016.07.18"]
[Round "3.4"]
[White "Roseneck, Jonas"]
[Black "Rosmann, Ilja"]
[Result "1-0"]
[WhiteElo "2107"]
[BlackElo "2288"]
[Annotator "Andreas Lange"]
[PlyCount "53"]
[EventDate "2016.07.??"]
[EventType "swiss"]
[EventRounds "9"]
[EventCountry "GER"]
[Source "SC Kreuzberg/AL"]
[SourceDate "2016.07.24"]
[WhiteTeam "Aufbau Elbe Magdeburg"]
[BlackTeam "Koenigsspringer SC"]
[WhiteTeamCountry "GER"]
[BlackTeamCountry "GER"]

1. e4 c5 2. Nf3 Nc6 3. d4 cxd4 4. Nxd4 e5 5. Nb5 d6 6. N1c3 a6 7. Na3 Be6 8.
Nc4 Rc8 9. Ne3 Nf6 10. g3 h5 11. h4 g6 12. Bg2 Nd4 13. O-O Bh6 14. f4 Bg4 15.
Nxg4 Nxg4 16. Bf3 Nxf3+ 17. Qxf3 O-O 18. Kh1 Rc4 19. f5 Bxc1 20. Raxc1 Rd4 21.
Rcd1 Rxd1 22. Nxd1 d5 23. fxg6 dxe4 24. gxf7+ Kg7 25. Qf5 Qd2 26. Nf2 Rxf7 27.
Qxf7+ $1 1-0

[Event "Werner-Ott-Open Kreuzberger Sommer 2016"]
[Site "Berlin"]
[Date "2016.07.18"]
[Round "3.5"]
[White "Niehaus, Frank"]
[Black "Wallgren, Ulf"]
[Result "1-0"]
[WhiteElo "2214"]
[BlackElo "2095"]
[PlyCount "45"]
[EventDate "2016.07.??"]
[EventType "swiss"]
[EventRounds "9"]
[EventCountry "GER"]
[Source "SC Kreuzberg/AL"]
[SourceDate "2016.07.24"]
[WhiteTeam "SK Koenig Tegel 1949"]
[BlackTeam "Solna Schacksaellskap"]
[WhiteTeamCountry "GER"]
[BlackTeamCountry "SWE"]

1. d4 Nf6 2. Bg5 g6 3. Bxf6 exf6 4. e3 Bg7 5. c4 O-O 6. Nc3 d6 7. g3 f5 8. Nge2
Nd7 9. Bg2 Nf6 10. O-O h5 11. h4 Ng4 12. Qd3 $146 Re8 13. Nf4 Bh6 14. b4 g5 15.
hxg5 Qxg5 16. Ncd5 h4 17. Nxc7 hxg3 18. Nxe8 gxf2+ 19. Rxf2 Nxf2 20. Kxf2 Qh4+
21. Kg1 Bxf4 22. exf4 Qe7 23. Qg3+ 1-0

[Event "Werner-Ott-Open Kreuzberger Sommer 2016"]
[Site "Berlin"]
[Date "2016.07.18"]
[Round "3.6"]
[White "Hahlbohm, Matthias"]
[Black "Johansson, Gunnar"]
[Result "1/2-1/2"]
[WhiteElo "2103"]
[BlackElo "2205"]
[PlyCount "70"]
[EventDate "2016.07.??"]
[EventType "swiss"]
[EventRounds "9"]
[EventCountry "GER"]
[Source "SC Kreuzberg/AL"]
[SourceDate "2016.07.24"]
[WhiteTeam "TSG Oberschoeneweide"]
[BlackTeam "Solna Schacksaellskap"]
[WhiteTeamCountry "GER"]
[BlackTeamCountry "SWE"]

1. e4 c5 2. Nf3 e6 3. c3 Nf6 4. Bd3 d6 5. Bc2 Be7 6. O-O Nc6 7. d4 O-O 8. d5
Nb8 9. h3 Re8 10. c4 Bf8 11. Nc3 Nbd7 12. Bf4 Nb6 13. b3 e5 14. Be3 g6 15. Ne2
Bd7 16. Ng3 Nc8 17. a4 b6 18. Qd2 a6 19. Bh6 Ne7 20. Qg5 Bg7 21. Nh4 Bxh6 22.
Qxh6 Kh8 23. Qd2 Neg8 24. f4 Nh5 25. Nhf5 Bxf5 26. Nxh5 Bd7 27. Ng3 f6 28. Bd3
Qe7 29. Ne2 Kg7 30. Ra2 Rab8 31. Nc3 Rf8 32. Qc1 exf4 33. Rxf4 Qe5 34. Rff2 Rf7
35. Rae2 Qd4 1/2-1/2

[Event "Werner-Ott-Open Kreuzberger Sommer 2016"]
[Site "Berlin"]
[Date "2016.07.18"]
[Round "3.7"]
[White "Shapiro, Yosip"]
[Black "Krefenstein, Sergej"]
[Result "0-1"]
[WhiteElo "2099"]
[BlackElo "2202"]
[PlyCount "126"]
[EventDate "2016.07.??"]
[EventType "swiss"]
[EventRounds "9"]
[EventCountry "GER"]
[Source "SC Kreuzberg/AL"]
[SourceDate "2016.07.24"]
[WhiteTeam "SV Berolina Mitte"]
[BlackTeam "TuS Makkabi Berlin"]
[WhiteTeamCountry "GER"]
[BlackTeamCountry "GER"]

1. c4 c5 2. g3 Nc6 3. Bg2 g6 4. Nc3 Bg7 5. Nf3 d6 6. O-O e5 7. d3 Nge7 8. a3
O-O 9. Rb1 a5 10. Nb5 h6 11. Bd2 d5 12. cxd5 Nxd5 13. Qc1 Qb6 14. Nd6 Bg4 15.
Nc4 Qd8 16. Ne3 Bxf3 17. Bxf3 Nd4 18. Qxc5 Nxf3+ 19. exf3 Nxe3 20. Qxe3 Qd5 21.
Bc3 Rfd8 22. f4 exf4 23. Qxf4 Qxd3 24. Bxg7 Kxg7 25. Kg2 Qd4 26. Qxd4+ Rxd4 27.
Rfd1 Rad8 28. Rxd4 Rxd4 29. Rc1 Rd5 30. Rc2 Kf6 31. Kf3 h5 32. h4 Ke6 33. Ke3
Rb5 34. Kd3 Kd5 35. Ke2 Kd4 36. Kd1 f5 37. Ke2 Rb3 38. Rd2+ Ke4 39. Rc2 b5 40.
Rd2 a4 41. Rc2 f4 42. gxf4 Kxf4 43. Rd2 Kg4 44. Kf1 Kxh4 45. Kg2 Kg4 46. Rd4+
Kf5 47. Rd5+ Ke4 48. Rg5 Kd3 49. Rxg6 Kc2 50. f4 Rxb2 51. f5 Kb3+ 52. Kf3 Rb1
53. Ke2 Rb2+ 54. Ke3 Rc2 55. f6 Rc8 56. Rg5 b4 57. axb4 a3 58. Rxh5 Rf8 59. Kd4
a2 60. Rh1 Rxf6 61. b5 Rf5 62. b6 Rb5 63. b7 Rxb7 0-1

[Event "Werner-Ott-Open Kreuzberger Sommer 2016"]
[Site "Berlin"]
[Date "2016.07.18"]
[Round "3.8"]
[White "Barath, Madhan"]
[Black "Ferster, Fabian"]
[Result "0-1"]
[WhiteElo "2082"]
[BlackElo "2170"]
[PlyCount "116"]
[EventDate "2016.07.??"]
[EventType "swiss"]
[EventRounds "9"]
[EventCountry "GER"]
[Source "SC Kreuzberg/AL"]
[SourceDate "2016.07.24"]
[WhiteTeam "SC Zugzwang 95"]
[BlackTeam "SK Ottenau"]
[WhiteTeamCountry "GER"]
[BlackTeamCountry "GER"]

1. d4 e6 2. c4 Nf6 3. Nc3 Bb4 4. a3 Bxc3+ 5. bxc3 b6 6. e3 Bb7 7. f3 O-O 8. Bd3
d6 9. Ne2 Nc6 10. O-O Na5 11. e4 Ba6 12. Bg5 h6 13. Bh4 g5 14. Bf2 Bxc4 15. Be3
c5 16. h4 Nh7 17. g3 Qc8 18. Bxc4 Nxc4 19. Qd3 Nxe3 20. Qxe3 cxd4 21. cxd4 Qd7
22. hxg5 hxg5 23. Kg2 Rac8 24. Rh1 f6 25. Qd3 Qa4 26. Rac1 Rxc1 27. Rxc1 Qd7
28. Qc4 f5 29. d5 e5 30. Qc6 Qf7 31. Qc7 fxe4 32. Qxf7+ Rxf7 33. fxe4 Nf6 34.
Rc8+ Rf8 35. Rxf8+ Kxf8 36. Kf3 g4+ 37. Ke3 Ke7 38. Kd3 Kd7 39. Nc3 Nh5 40. Nd1
b5 41. Ne3 Nf6 42. Nf5 a5 43. Ke3 Kc7 44. Kd3 a4 45. Nh6 Nh5 46. Nxg4 Nxg3 47.
Ne3 Nh5 48. Nf5 Nf6 49. Ne3 Kb6 50. Nc2 Nd7 51. Nb4 Nc5+ 52. Ke3 Na6 53. Na2
Kc5 54. Nc3 Kc4 55. Kd2 b4 56. axb4 Kxb4 57. Kc2 Nc5 58. Kd2 Kb3 0-1

[Event "Werner-Ott-Open Kreuzberger Sommer 2016"]
[Site "Berlin"]
[Date "2016.07.18"]
[Round "3.9"]
[White "Zschaebitz, Klaus"]
[Black "Postler, Reinhard"]
[Result "1-0"]
[WhiteElo "2075"]
[BlackElo "2218"]
[PlyCount "67"]
[EventDate "2016.07.??"]
[EventType "swiss"]
[EventRounds "9"]
[EventCountry "GER"]
[Source "SC Kreuzberg/AL"]
[SourceDate "2016.07.24"]
[WhiteTeam "BSG 1827 Eckbauer"]
[BlackTeam "TSG Oberschoeneweide"]
[WhiteTeamCountry "GER"]
[BlackTeamCountry "GER"]

1. e4 c5 2. c4 d6 3. Nc3 e6 4. g3 Nf6 5. Bg2 a6 6. Nge2 Be7 7. d4 cxd4 8. Nxd4
O-O 9. O-O Qc7 10. Qe2 Nc6 11. Be3 Ne5 12. b3 Bd7 13. h3 Rac8 14. Rac1 Nc6 15.
Nc2 Be8 16. f4 Nd7 17. Qf2 Qb8 18. Nd4 Nxd4 19. Bxd4 b5 20. Ba7 Qc7 21. cxb5
Nc5 22. Bxc5 dxc5 23. bxa6 c4 24. Kh1 Qa5 25. bxc4 Rxc4 26. Ne2 Ra4 27. Rc2
Qxa6 28. Nd4 Bb5 29. Nxb5 Qxb5 30. Qe2 Qa5 31. Rb1 g6 32. e5 Rd8 33. Rb5 Qa7
34. Rb7 1-0

[Event "Werner-Ott-Open Kreuzberger Sommer 2016"]
[Site "Berlin"]
[Date "2016.07.18"]
[Round "3.10"]
[White "Johansson, Thomas"]
[Black "Kutschke, Jens"]
[Result "1-0"]
[WhiteElo "2222"]
[BlackElo "2002"]
[PlyCount "99"]
[EventDate "2016.07.??"]
[EventType "swiss"]
[EventRounds "9"]
[EventCountry "GER"]
[Source "SC Kreuzberg/AL"]
[SourceDate "2016.07.24"]
[WhiteTeam "Uppsala ASS"]
[BlackTeam "SF Berlin 1903"]
[WhiteTeamCountry "SWE"]
[BlackTeamCountry "GER"]

1. Nf3 Nf6 2. c4 g6 3. Nc3 d5 4. cxd5 Nxd5 5. Qa4+ Bd7 6. Qb3 Nb6 7. d4 Bg7 8.
Bg5 h6 9. Bh4 O-O 10. e3 Be6 11. Qc2 c5 12. Rd1 Nd5 13. dxc5 Qa5 14. Nd4 Nc6
15. Be2 g5 16. Bg3 Ndb4 17. Qd2 Nxd4 18. exd4 Bxd4 19. a3 Nc6 20. b4 Qd8 21.
Nb5 Bg7 22. Qc1 Qc8 23. O-O f5 24. f3 f4 25. Bf2 a5 26. Bc4 Bf7 27. Bxf7+ Rxf7
28. Qc4 axb4 29. axb4 Ra4 30. Rb1 g4 31. Kh1 gxf3 32. gxf3 Qh3 33. Bg1 Kf8 34.
Nc7 Rf6 35. Nd5 Rf7 36. Nxf4 Qf5 37. Ne6+ Kg8 38. Nxg7 Kxg7 39. Qc3+ Kh7 40. b5
Ne5 41. c6 bxc6 42. b6 Ra2 43. b7 Nd7 44. b8=Q Nxb8 45. Rxb8 Rg7 46. Rb2 Rxb2
47. Qxb2 Qg5 48. Qe2 c5 49. Be3 Qf5 50. Rc1 1-0

[Event "Werner-Ott-Open Kreuzberger Sommer 2016"]
[Site "Berlin"]
[Date "2016.07.18"]
[Round "3.11"]
[White "Kohler, Thomas"]
[Black "Lindenau, Jorge"]
[Result "1/2-1/2"]
[WhiteElo "2194"]
[BlackElo "1992"]
[PlyCount "26"]
[EventDate "2016.07.??"]
[EventType "swiss"]
[EventRounds "9"]
[EventCountry "GER"]
[Source "SC Kreuzberg/AL"]
[SourceDate "2016.07.24"]
[WhiteTeam "SC Zitadelle Spandau"]
[BlackTeam "SC Kreuzberg"]
[WhiteTeamCountry "GER"]
[BlackTeamCountry "GER"]

1. Nf3 Nf6 2. c4 g6 3. Nc3 d5 4. cxd5 Nxd5 5. Qa4+ Bd7 6. Qh4 Nxc3 7. dxc3 Nc6
8. e4 e5 9. Bg5 Be7 10. Qh6 Bxg5 11. Nxg5 Qe7 12. Bc4 f6 13. Nf3 O-O-O {(=)}
1/2-1/2

[Event "Werner-Ott-Open Kreuzberger Sommer 2016"]
[Site "Berlin"]
[Date "2016.07.18"]
[Round "3.12"]
[White "Jurkatis, Hagen"]
[Black "Bjarnehag, Peter"]
[Result "1/2-1/2"]
[WhiteElo "1985"]
[BlackElo "2111"]
[Annotator "Andreas Lange"]
[PlyCount "38"]
[EventDate "2016.07.??"]
[EventType "swiss"]
[EventRounds "9"]
[EventCountry "GER"]
[Source "SC Kreuzberg/AL"]
[SourceDate "2016.07.24"]
[WhiteTeam "SC Kreuzberg"]
[BlackTeam "Solna Schacksaellskap"]
[WhiteTeamCountry "GER"]
[BlackTeamCountry "SWE"]

1. d4 c5 2. d5 Nf6 3. Nc3 a6 4. a4 g6 5. e4 d6 6. Be2 Bg7 7. Nf3 O-O 8. O-O e6
9. Nd2 exd5 10. exd5 Nbd7 11. Nc4 Nb6 12. Bf4 Nxc4 13. Bxc4 Nh5 14. Bc1 Qh4 15.
Be2 Be5 16. g3 Nxg3 {Schwarz spart in dieser Runde seine Kräfte.} 17. hxg3 Bxg3
18. fxg3 Qxg3+ 19. Kh1 Qh3+ 1/2-1/2

[Event "Werner-Ott-Open Kreuzberger Sommer 2016"]
[Site "Berlin"]
[Date "2016.07.18"]
[Round "3.13"]
[White "Sidabras, Jonas"]
[Black "Welz, Peter"]
[Result "1-0"]
[WhiteElo "1953"]
[BlackElo "2101"]
[PlyCount "119"]
[EventDate "2016.07.??"]
[EventType "swiss"]
[EventRounds "9"]
[EventCountry "GER"]
[Source "SC Kreuzberg/AL"]
[SourceDate "2016.07.24"]
[WhiteTeam "SC Kreuzberg"]
[BlackTeam "SV Empor Berlin"]
[WhiteTeamCountry "GER"]
[BlackTeamCountry "GER"]

1. d4 f5 2. g3 Nf6 3. Bg2 g6 4. c3 c6 5. Nh3 d6 6. Qb3 Qb6 7. Qc2 e5 8. dxe5
dxe5 9. Be3 Qc7 10. Qb3 Na6 11. Ng5 Ng4 12. Ne6 Qf7 13. Nxf8 Qxb3 14. axb3 Nxe3
15. fxe3 Kxf8 16. O-O Nc5 17. b4 Ne6 18. Ra5 Kg7 19. Rxe5 Rd8 20. e4 Nf8 21.
exf5 gxf5 22. e4 Ng6 23. Rc5 fxe4 24. Bxe4 Bh3 25. Bg2 Bxg2 26. Kxg2 Rd3 27.
Rcf5 Rf8 28. Rxf8 Nxf8 29. Na3 Ne6 30. Nc4 b5 31. Ne5 Rd2+ 32. Rf2 Rxf2+ 33.
Kxf2 c5 34. bxc5 Nxc5 35. Ke3 Kf6 36. Nc6 a6 37. b4 Ne6 38. Nb8 Nc7 39. Kd4 Ke7
40. Kc5 Kd8 41. Kc6 Kc8 42. Nd7 Ne6 43. Nb6+ Kb8 44. Nd5 Ka7 45. Nf6 h6 46. h4
Ng7 47. g4 Ne6 48. Ng8 Nd8+ 49. Kd7 Nf7 50. Ke7 Ne5 51. Nxh6 Ng6+ 52. Kf6 Nxh4
53. g5 a5 54. bxa5 Ka6 55. Nf5 Ng2 56. Ke5 Ne1 57. g6 Nd3+ 58. Ke4 Nc5+ 59. Kd5
Nd7 60. g7 1-0

[Event "Werner-Ott-Open Kreuzberger Sommer 2016"]
[Site "Berlin"]
[Date "2016.07.18"]
[Round "3.14"]
[White "Matitschka, Heinz"]
[Black "Wierzbicki, Jirawat"]
[Result "1-0"]
[WhiteElo "1894"]
[BlackElo "2046"]
[PlyCount "81"]
[EventDate "2016.07.??"]
[EventType "swiss"]
[EventRounds "9"]
[EventCountry "GER"]
[Source "SC Kreuzberg/AL"]
[SourceDate "2016.07.24"]
[WhiteTeam "TSG Oberschoeneweide"]
[BlackTeam "SK Koenig Tegel 1949"]
[WhiteTeamCountry "GER"]
[BlackTeamCountry "GER"]

1. d4 d5 2. c4 dxc4 3. Nf3 Nf6 4. e3 Bg4 5. Bxc4 e6 6. Nc3 Nc6 7. h3 Bh5 8. Bb5
Bd6 9. e4 Nd7 10. Be3 O-O 11. O-O e5 12. Bxc6 bxc6 13. d5 cxd5 14. Nxd5 h6 15.
Qc2 Bxf3 16. gxf3 Qh4 17. Kh2 Rac8 18. Rg1 c6 19. Rg4 Qh5 20. Nc3 Kh8 21. Rc1
Rg8 22. Qd2 Nf6 23. Qxd6 Nxg4+ 24. fxg4 Qg6 25. Qxg6 fxg6 26. Rd1 Rgd8 27.
Rxd8+ Rxd8 28. Kg2 Rd7 29. Kf3 Kg8 30. Ke2 g5 31. Na4 Rb7 32. b3 Kf7 33. Nc5
Rb4 34. Kd3 a5 35. Kc3 Rb5 36. a3 Ke7 37. Kc4 Kd6 38. Nd3 Rb8 39. Bd2 Rb5 40.
a4 Rb7 41. Bxa5 1-0

[Event "Werner-Ott-Open Kreuzberger Sommer 2016"]
[Site "Berlin"]
[Date "2016.07.18"]
[Round "3.15"]
[White "Eilenberg, Jonas"]
[Black "Witte, Ronald"]
[Result "1/2-1/2"]
[WhiteElo "1485"]
[BlackElo "2016"]
[PlyCount "41"]
[EventDate "2016.07.??"]
[EventType "swiss"]
[EventRounds "9"]
[EventCountry "GER"]
[Source "SC Kreuzberg/AL"]
[SourceDate "2016.07.24"]
[WhiteTeam "Schachpinguine Berlin"]
[BlackTeam "BSV 63 Chemie Weissensee"]
[WhiteTeamCountry "GER"]
[BlackTeamCountry "GER"]

1. d4 Nf6 2. c4 e6 3. Nc3 Bb4 4. Qc2 d5 5. e3 O-O 6. Nf3 c5 7. dxc5 Bxc5 8. Be2
Nc6 9. O-O Qe7 10. Rd1 Rd8 11. a3 dxc4 12. Rxd8+ Qxd8 13. Bxc4 a6 14. b4 Ba7
15. Bd3 Bd7 16. Bb2 Rc8 17. Rd1 Qe7 18. Qb1 b5 19. Ne2 e5 20. Ng5 h6 21. Ne4 {
(=)} 1/2-1/2

[Event "Werner-Ott-Open Kreuzberger Sommer 2016"]
[Site "Berlin"]
[Date "2016.07.18"]
[Round "3.16"]
[White "Uckar, Klaudijo"]
[Black "Federau, Juergen"]
[Result "0-1"]
[WhiteElo "1796"]
[BlackElo "2115"]
[PlyCount "92"]
[EventDate "2016.07.??"]
[EventType "swiss"]
[EventRounds "9"]
[EventCountry "GER"]
[Source "SC Kreuzberg/AL"]
[SourceDate "2016.07.24"]
[WhiteTeam "SC Kreuzberg"]
[BlackTeam "SC Kreuzberg"]
[WhiteTeamCountry "GER"]
[BlackTeamCountry "GER"]

1. e4 d6 2. Nf3 Nf6 3. d3 e5 4. c4 g6 5. Nc3 Bg7 6. Be2 O-O 7. O-O Re8 8. Bg5
h6 9. Be3 Ng4 10. Bd2 Nd7 11. h3 Ngf6 12. Nd5 c6 13. Ne3 Nf8 14. Nh2 Ne6 15.
Neg4 Kh7 16. Nxf6+ Bxf6 17. Qc1 Bg7 18. Be3 d5 19. f3 d4 20. Bd2 f5 21. b4 f4
22. Be1 h5 23. Kh1 Bf6 24. Bf2 Rg8 25. a4 Bd7 26. Qd2 b6 27. b5 a6 28. Rfb1
cxb5 29. axb5 a5 30. Bd1 Nc5 31. Ba4 Bh4 32. Rd1 Bxf2 33. Qxf2 g5 34. Qe2 g4
35. fxg4 hxg4 36. Rd2 Qh4 37. Bd1 gxh3 38. gxh3 Qxh3 39. Raa2 Rg3 40. Qh5+ Qxh5
41. Bxh5 Rag8 42. Nf3 Be8 43. Rh2 Bxh5 44. Rxh5+ Kg6 45. Rg5+ Rxg5 46. Nxg5
Rh8+ 0-1

[Event "Werner-Ott-Open Kreuzberger Sommer 2016"]
[Site "Berlin"]
[Date "2016.07.18"]
[Round "3.17"]
[White "Hannebauer, Torsten"]
[Black "Sidabras, Ignas"]
[Result "1-0"]
[WhiteElo "2114"]
[BlackElo "1796"]
[PlyCount "65"]
[EventDate "2016.07.??"]
[EventType "swiss"]
[EventRounds "9"]
[EventCountry "GER"]
[Source "SC Kreuzberg/AL"]
[SourceDate "2016.07.24"]
[WhiteTeam "TSG Oberschoeneweide"]
[BlackTeam "SC Kreuzberg"]
[WhiteTeamCountry "GER"]
[BlackTeamCountry "GER"]

1. e4 e6 2. d4 d5 3. Nd2 dxe4 4. Nxe4 Nd7 5. Nf3 Ngf6 6. Bg5 h6 7. Nxf6+ Nxf6
8. Be3 Bd6 9. Bd3 Nd5 10. Qd2 Qf6 11. c3 Nf4 12. Bxf4 Qxf4 13. Qe2 Bd7 14. g3
Qf6 15. Ne5 O-O-O 16. Be4 c6 17. Bg2 g5 18. b4 Qg7 19. a4 f6 20. Nc4 Qe7 21. b5
Kc7 22. O-O Rb8 23. Rfb1 Kd8 24. bxc6 Bxc6 25. Bxc6 bxc6 26. Na5 Qd7 27. Rxb8+
Bxb8 28. Qf3 Kc7 29. Qxf6 Rh7 30. Rb1 Rf7 31. Rb7+ Kc8 32. Qxf7 Qxf7 33. Rxf7
1-0

[Event "Werner-Ott-Open Kreuzberger Sommer 2016"]
[Site "Berlin"]
[Date "2016.07.18"]
[Round "3.18"]
[White "Ruether, Marc"]
[Black "Richter, Goetz"]
[Result "0-1"]
[WhiteElo "1793"]
[BlackElo "2013"]
[PlyCount "50"]
[EventDate "2016.07.??"]
[EventType "swiss"]
[EventRounds "9"]
[EventCountry "GER"]
[Source "SC Kreuzberg/AL"]
[SourceDate "2016.07.24"]
[WhiteTeam "Queer-Springer SSV Berlin"]
[BlackTeam "Klub Koelner SF"]
[WhiteTeamCountry "GER"]
[BlackTeamCountry "GER"]

1. e4 c5 2. c3 Nf6 3. e5 Nd5 4. d4 cxd4 5. Nf3 Nc6 6. cxd4 d6 7. Bc4 dxe5 8.
dxe5 Ndb4 9. Qb3 e6 10. a3 Na5 11. Bb5+ Bd7 12. Bxd7+ Qxd7 13. Qd1 Nd3+ 14. Ke2
Nxc1+ 15. Qxc1 Qb5+ 16. Ke1 Nb3 17. Nc3 Qb6 18. Qf4 Nxa1 19. Ng5 O-O-O 20. Nxf7
Rd4 21. Qg3 Qxb2 22. Nxh8 Nc2+ 23. Ke2 Nb4+ 24. Kf1 Qc1+ 25. Ke2 Rd2+ 0-1

[Event "Werner-Ott-Open Kreuzberger Sommer 2016"]
[Site "Berlin"]
[Date "2016.07.18"]
[Round "3.19"]
[White "Thesing, Ansgar"]
[Black "Jansen, Robert"]
[Result "1-0"]
[WhiteElo "2009"]
[BlackElo "1792"]
[PlyCount "89"]
[EventDate "2016.07.??"]
[EventType "swiss"]
[EventRounds "9"]
[EventCountry "GER"]
[Source "SC Kreuzberg/AL"]
[SourceDate "2016.07.24"]
[WhiteTeam "SC Kreuzberg"]
[BlackTeam "SC Kreuzberg"]
[WhiteTeamCountry "GER"]
[BlackTeamCountry "GER"]

1. e4 e5 2. Nf3 Nc6 3. Bb5 a6 4. Ba4 b5 5. Bb3 Nf6 6. O-O Be7 7. Re1 O-O 8. a4
Na5 9. Nxe5 Nxb3 10. cxb3 b4 11. d3 Bb7 12. Qc2 c5 13. Nd2 d5 14. Nf1 Rc8 15.
Ng3 Bd6 16. Nf3 Bb8 17. e5 Nd7 18. e6 fxe6 19. Rxe6 d4 20. Bg5 Nf6 21. Rae1 h6
22. Bxf6 gxf6 23. Nf5 Rc7 24. Re7 Bxf3 25. gxf3 Kh8 26. Qd2 Rxe7 27. Rxe7 Rg8+
28. Kf1 Rg5 29. Qe2 Qg8 30. Ng3 Re5 31. Rxe5 Bxe5 32. Qd2 Kh7 33. f4 Bc7 34.
Qe2 Qf7 35. Qe4+ Kh8 36. Qa8+ Kh7 37. Qxa6 Bxf4 38. Qc4 Qe7 39. Qd5 Be5 40.
Qe4+ Kh8 41. Nf5 Qd7 42. a5 Qc8 43. Qg4 Qf8 44. Qg6 Bf4 45. a6 1-0

[Event "Werner-Ott-Open Kreuzberger Sommer 2016"]
[Site "Berlin"]
[Date "2016.07.18"]
[Round "3.20"]
[White "Huettmann, Jens"]
[Black "Heerde, Thomas"]
[Result "0-1"]
[WhiteElo "1786"]
[BlackElo "2006"]
[Annotator "Andreas Lange"]
[PlyCount "50"]
[EventDate "2016.07.??"]
[EventType "swiss"]
[EventRounds "9"]
[EventCountry "GER"]
[Source "SC Kreuzberg/AL"]
[SourceDate "2016.07.24"]
[WhiteTeam "Hamburger SK"]
[BlackTeam "SC Weisse Dame"]
[WhiteTeamCountry "GER"]
[BlackTeamCountry "GER"]

1. d4 Nf6 2. c4 c5 3. d5 b5 4. e3 Bb7 5. Nf3 g6 6. b3 Bg7 7. Bb2 O-O 8. Qc2 d6
9. Nbd2 Na6 10. e4 Re8 11. Be2 e6 12. dxe6 Rxe6 13. Ng5 Re8 14. f3 Nb4 15. Qb1
bxc4 16. bxc4 Nh5 17. Nh3 Bxb2 18. Qxb2 Qh4+ 19. Kf1 (19. Nf2 $142) 19... Rab8
20. Rd1 Bc8 21. Nb3 Bxh3 22. gxh3 Nf4 23. Rg1 Qxh3+ 24. Ke1 Qxh2 25. Rg4 Nbd3+
0-1

[Event "Werner-Ott-Open Kreuzberger Sommer 2016"]
[Site "Berlin"]
[Date "2016.07.21"]
[Round "6.1"]
[White "Niehaus, Frank"]
[Black "Kalinitschew, Sergey"]
[Result "0-1"]
[WhiteElo "2131"]
[BlackElo "2337"]
[PlyCount "68"]
[EventDate "2016.07.??"]
[EventType "swiss"]
[EventRounds "9"]
[EventCountry "GER"]
[Source "SC Kreuzberg/AL"]
[SourceDate "2016.07.24"]
[WhiteTeam "SK Koenig Tegel 1949"]
[BlackTeam "SC Kreuzberg"]
[WhiteTeamCountry "GER"]
[BlackTeamCountry "GER"]

1. e4 c5 2. Nc3 Nc6 3. f4 g6 4. Nf3 Bg7 5. Bb5 Nd4 6. O-O Nxb5 7. Nxb5 d5 8.
exd5 a6 9. Nc3 Nf6 10. d4 c4 11. Qe2 b5 12. a4 b4 13. Nd1 Nxd5 14. Qxc4 Bb7 15.
Qd3 Rc8 16. f5 Qc7 17. Rf2 Nf6 18. Re2 O-O 19. Nf2 Rfd8 20. fxg6 hxg6 21. Ne5
Qa5 22. Qh3 Rxd4 23. Nxf7 Qd5 24. Nh6+ Bxh6 25. Bxh6 Rh4 26. Qg3 Rxh6 27. Rd1
Qc5 28. Re5 Qc7 29. Qg5 Rh7 30. Rde1 Qxc2 31. Nh3 Rh5 32. Qg3 Rxe5 33. Rxe5
Qb1+ 34. Re1 Rc1 0-1

[Event "Werner-Ott-Open Kreuzberger Sommer 2016"]
[Site "Berlin"]
[Date "2016.07.21"]
[Round "6.2"]
[White "Rietze, Clemens"]
[Black "Von Herman, Ulf"]
[Result "1/2-1/2"]
[WhiteElo "2330"]
[BlackElo "2270"]
[PlyCount "53"]
[EventDate "2016.07.??"]
[EventType "swiss"]
[EventRounds "9"]
[EventCountry "GER"]
[Source "SC Kreuzberg/AL"]
[SourceDate "2016.07.24"]
[WhiteTeam "SC Rotation Pankow"]
[BlackTeam "SK Koenig Tegel 1949"]
[WhiteTeamCountry "GER"]
[BlackTeamCountry "GER"]

1. d4 Nf6 2. c4 e6 3. Nc3 d5 4. cxd5 exd5 5. Bg5 c6 6. e3 Be7 7. Bd3 Nbd7 8.
Qc2 h6 9. Bh4 Nh5 10. Bxe7 Qxe7 {(=)} 11. O-O-O Nb6 12. Nge2 Bd7 13. Kb1 O-O-O
14. h3 Kb8 15. Qb3 Be6 16. a4 Nc4 17. Bxc4 dxc4 18. Qc2 f5 19. f3 g5 20. g4 Ng7
21. e4 fxe4 22. Qxe4 Qf7 23. Rhf1 Rde8 24. Qc2 h5 25. Ne4 Qg6 26. N2c3 hxg4 27.
hxg4 1/2-1/2

[Event "Werner-Ott-Open Kreuzberger Sommer 2016"]
[Site "Berlin"]
[Date "2016.07.21"]
[Round "6.3"]
[White "Barath, Madhan"]
[Black "Roseneck, Jonas"]
[Result "1/2-1/2"]
[WhiteElo "2039"]
[BlackElo "2037"]
[PlyCount "142"]
[EventDate "2016.07.??"]
[EventType "swiss"]
[EventRounds "9"]
[EventCountry "GER"]
[Source "SC Kreuzberg/AL"]
[SourceDate "2016.07.24"]
[WhiteTeam "SC Zugzwang 95"]
[BlackTeam "Aufbau Elbe Magdeburg"]
[WhiteTeamCountry "GER"]
[BlackTeamCountry "GER"]

1. d4 Nf6 2. c4 g6 3. Nc3 Bg7 4. e4 d6 5. Be2 O-O 6. Bg5 h6 7. Be3 e5 8. d5 a5
9. Qd2 Kh7 10. f3 Na6 11. g4 Nd7 12. h4 Ndc5 13. Nh3 f5 14. h5 f4 15. hxg6+
Kxg6 16. Bf2 Bf6 17. O-O-O Bd7 18. Rh2 Rh8 19. Rdh1 Qe7 20. Ng1 Bg5 21. Rh5 Rh7
22. Bh4 Rah8 23. Qd1 Be8 24. Nh3 Bxh4 25. Rxh4 Bd7 26. Qg1 Qf6 27. Nf2 Kg7 28.
Qh2 Kf7 29. Rh5 Rg8 30. Rxh6 Rxh6 31. Qxh6 Qxh6 32. Rxh6 Kg7 33. Rh1 Rh8 34.
Rxh8 Kxh8 35. b3 Kg7 36. Kb2 Kg6 37. Nh3 Nb4 38. Nd1 a4 39. Ndf2 axb3 40. axb3
b6 41. Kc3 Na2+ 42. Kb2 Nb4 43. Bd1 Bc8 44. Bc2 Bd7 45. Bb1 b5 46. Kc3 Nba6 47.
cxb5 Bxb5 48. b4 Na4+ 49. Kb3 Nb6 50. Bd3 Ba4+ 51. Kc3 Nb8 52. b5 N8d7 53. Be2
Nc5 54. Nd3 Nb3 55. Bd1 Nd4 56. Bxa4 Nxa4+ 57. Kb4 Nb6 58. Ne1 Nc8 59. Kc4 Na7
60. Nxf4+ exf4 61. Kxd4 Nxb5+ 62. Kc4 Na7 63. Ng2 Kg5 64. Kb4 Nc8 65. Kb5 Ne7
66. Ka6 c6 67. dxc6 Nxc6 68. Ne1 d5 69. exd5 Nb4+ 70. Kb5 Nxd5 71. Kc4 Nf6
1/2-1/2

[Event "Werner-Ott-Open Kreuzberger Sommer 2016"]
[Site "Berlin"]
[Date "2016.07.21"]
[Round "6.4"]
[White "Rosmann, Ilja"]
[Black "Hahlbohm, Matthias"]
[Result "1-0"]
[WhiteElo "2239"]
[BlackElo "2009"]
[PlyCount "61"]
[EventDate "2016.07.??"]
[EventType "swiss"]
[EventRounds "9"]
[EventCountry "GER"]
[Source "SC Kreuzberg/AL"]
[SourceDate "2016.07.24"]
[WhiteTeam "Koenigsspringer SC"]
[BlackTeam "TSG Oberschoeneweide"]
[WhiteTeamCountry "GER"]
[BlackTeamCountry "GER"]

1. e4 e6 2. d4 d5 3. Nc3 Nf6 4. e5 Nfd7 5. f4 g6 6. Nf3 a6 7. Be3 b6 8. h4 h5
9. f5 gxf5 10. Ng5 Be7 11. Nxd5 Nxe5 12. Nxe7 Ng4 13. Bd2 Qxe7 14. Qf3 Ra7 15.
O-O-O Bb7 16. Qg3 O-O 17. Nh3 Nd7 18. Be2 Ndf6 19. Bf3 Rd8 20. Bg5 Qd6 21. Nf4
Kf8 22. Rhe1 Rd7 23. Bxf6 Nxf6 24. Qg5 Bxf3 25. gxf3 Nd5 26. Nxh5 c5 27. c4
cxd4 28. cxd5 Qxd5 29. Qg7+ Ke7 30. Qf6+ Kf8 31. Rg1 1-0